Formula 1 World Champions: Sudden Death - Statistics

General Stats
  • This quiz has been taken 2,646 times
    715 since last reset
  • The average score is 14 of 19
Answers on the Grid
Answers color-coded by a green-red scale on the quiz's grid according to % correct below.
Bruce McLaren
Jochen Rindt
Nico Rosberg
Alain Prost
Alan Jones
Alberto Ascari
Oscar Piastri
Lando Norris
Denny Hulme
Enzo Ferrari
Felipe Massa
Fernando Alonso
George Russell
Jack Brabham
James Hunt
Jim Clark
John Surtees
Juan Pablo
Keke Rosberg
Kimi Räikkönen
Michael Schumacher
Mika Häkkinen
Nigel Mansell
Niki Lauda
Phil Hill
 
Answer Stats
Answer % Correct
Michael Schumacher
84%
Fernando Alonso
83%
Niki Lauda
83%
Alain Prost
81%
Nico Rosberg
81%
Kimi Räikkönen
80%
Lando Norris
80%
Mika Häkkinen
79%
Nigel Mansell
77%
James Hunt
75%
Keke Rosberg
75%
Jim Clark
71%
Alberto Ascari
68%
Jack Brabham
68%
Phil Hill
67%
Alan Jones
65%
Jochen Rindt
61%
John Surtees
60%
Denny Hulme
59%
No matching quizzes found
Score Distribution
Percent of People with Each Score
Percentile by Number Answered
Your Score History
You have not taken this quiz since the last reset